000
00246nam a22000977a 4500
040
_c
SCME
100
_a
Shuyou,yuan
_9
91444
245
_a
China'sbeidou navigation satellite system(a pillar of the great power)
300
_a
221p.
942
_2
ddc
_c
BK
999
_c
589558
_d
589558